| 000 | 00480nam a2200169Ia 4500 | ||
|---|---|---|---|
| 999 |
_c24456 _d24456 |
||
| 003 | OSt | ||
| 005 | 20211111104315.0 | ||
| 008 | 190216s9999||||xx |||||||||||||| ||und|| | ||
| 040 | _coclc | ||
| 082 |
_a500 _bBHA/M |
||
| 100 |
_aPanikker, P T Bhaskara _98896 |
||
| 245 | 0 |
_aManushyan Enna Yanthram / _cP T Bhaskara Panikker |
|
| 260 |
_bCurrent Books, _aThrissur: _c1996. |
||
| 300 | _a74p | ||
| 650 | _aLekhanam | ||
| 942 |
_cBK _2ddc _h500 _iBHA/M _k500 _mBHA/M |
||